| 000 | 00397cam a2200169 4500 | ||
|---|---|---|---|
| 001 | D11902 | ||
| 008 | 090401t1932 xxu||||| |||| 00| 0 eng d | ||
| 035 | _a(Sirsi) u94023 | ||
| 041 | _aeng | ||
| 100 | _aAdkin, B. W. | ||
| 245 | _aSupplement to copyhold and customary tenencies | ||
| 260 |
_bEstates Gazette _c1932 |
||
| 350 | _a0 | ||
| 520 | _aShelf 113 | ||
| 942 | _n0 | ||
| 948 | _c04/03/1997 | ||
| 999 |
_c97879 _d97879 |
||